000
00298nam a22001217a 4500
020
_a
9789696170495
082
_a
398.2
_b
CHA
100
_a
Chaudhary,Abdul Wahid
245
_a
The wolf's hide who's the dishonest
260
_a
Lahore:
_b
Rabai book house,
563
_a
PB
942
_2
ddc
_c
BK
999
_c
614901
_d
614901